Central Library and Information Centre
Sibsagar Girls' College, Sivasagar : Assam

ANUBAD (Record no. 4837)

MARC details
000 -LEADER
fixed length control field 00363cam a2200169ua 4500
008 - FIXED-LENGTH DATA ELEMENTS--GENERAL INFORMATION
fixed length control field 120403n II |||gr||||Z||||||asm
040 ## - CATALOGING SOURCE
Original cataloging agency MAIN
041 ## - LANGUAGE CODE
-- English
082 ## - DEWEY DECIMAL CLASSIFICATION NUMBER
Classification number 891.451 PHU
100 ## - MAIN ENTRY--PERSONAL NAME
Personal name PHUKAN, KABIN.
245 ## - TITLE STATEMENT
Title ANUBAD
260 ## - PUBLICATION, DISTRIBUTION, ETC.
Place of publication, distribution, etc. [s.l:
Name of publisher, distributor, etc. s.n.]
Date of publication, distribution, etc. 1992.
300 ## - PHYSICAL DESCRIPTION
Extent 126:
Dimensions 22CM.
942 ## - ADDED ENTRY ELEMENTS (KOHA)
Koha item type Books
653 ## - INDEX TERM--UNCONTROLLED
Uncontrolled term Asomiya Sahitya
Holdings
Withdrawn status Lost status Damaged status Not for loan Collection code Home library Current library Shelving location Date acquired Full call number Barcode Date last seen Copy number Price effective from Koha item type Public note
        TBPSC Central Library and Information Centre Sibsagar Girls College Central Library and Information Centre Sibsagar Girls College Rare & Special Books 19.06.1995 891.451 PHU 13096 27.02.2020 1 27.02.2020 Books V
        REFASM Central Library and Information Centre Sibsagar Girls College Central Library and Information Centre Sibsagar Girls College   19.06.1995 891.451 PHU 13097 27.02.2020 2 27.02.2020 Books  


Sibsagar Girl's College © 2020. All rights reserved.
Powered by Koha.
Maintained by Abhijit Borpuzari.